Minnesota Twins 2026 40-Man Roster - Statistics

General Stats
  • This quiz has been taken 33 times
    8 since last reset
  • The average score is 28 of 42
Answer Stats
Group Position Answer % Correct
Lineup SS Brooks Lee
100%
Lineup CF Byron Buxton
100%
Rotation SP Joe Ryan
100%
Lineup 1B Josh Bell
100%
Lineup RF Matt Wallner
100%
Lineup C Ryan Jeffers
100%
Bullpen CL Taylor Rogers
100%
Lineup DH Trevor Larnach
100%
Bench IF/OF Austin Martin
86%
Rotation SP Bailey Ober
86%
Bullpen CL Cole Sands
86%
Bullpen MID Kody Funderburk
86%
Lineup 2B Luke Keaschall
86%
60-Day Injured List SP Pablo López
86%
10-Day Injured List 3B Royce Lewis
86%
Rotation SP Simeon Woods Richardson
86%
Rotation SP Taj Bradley
86%
Lineup 3B Tristan Gray
86%
Bench C/1B Victor Caratini
86%
Bullpen LR Andrew Morris
71%
Bullpen MID Eric Orze
71%
Bench IF/OF Kody Clemens
71%
Rotation SP Mick Abel
71%
Bench IF/OF Ryan Kreidler
71%
Bullpen MID Garrett Acton
57%
Lineup LF James Outman
57%
Bullpen CL Justin Topa
57%
Minors Hitters OF Alan Roden
43%
Bullpen MID Anthony Banda
43%
60-Day Injured List SP David Festa
43%
Minors Hitters OF Emmanuel Rodriguez
43%
15-Day Injured List RP Travis Adams
43%
Minors Pitchers SP Zebby Matthews
43%
15-Day Injured List RP Cody Laweryson
29%
Minors Pitchers SP Connor Prielipp
29%
Minors Hitters 1B Eric Wagaman
29%
Minors Hitters OF Gabriel Gonzalez
29%
Minors Hitters OF Hendry Mendez
29%
Minors Pitchers SP/RP John Klein
29%
Minors Pitchers SP Kendry Rojas
29%
Minors Pitchers RP Marco Raya
29%
Minors Pitchers RP Zak Kent
29%
No matching quizzes found
Score Distribution
Percent of People with Each Score
Percentile by Number Answered
Your Score History
You have not taken this quiz since the last reset